The planetary bargain : corporate social responsibility matters

Αποθηκεύτηκε σε:
Λεπτομέρειες βιβλιογραφικής εγγραφής
Κύριος συγγραφέας: Hopkins, Michael 1945-
Μορφή: Βιβλίο
Γλώσσα:English
Δημοσίευση: London : Earthscan, 2003
Θέματα:
Ετικέτες: Προσθήκη ετικέτας
Δεν υπάρχουν, Καταχωρήστε ετικέτα πρώτοι!

MARC

LEADER 00000nam a2200000 i 4500
001 1/68606
008 071218s2003 eng d
020 |a 1-85383-978-7 
035 |l 10093256 
040 |a GR-MY-UA  |b gre  |e aacr 
041 0 |a eng 
082 0 |a 658.408  |2 (22) 
100 1 |a Hopkins, Michael  |d 1945- 
245 1 4 |a The planetary bargain :  |b corporate social responsibility matters /  |c Michael Hopkins 
260 |a London :   |b Earthscan,   |c 2003 
300 |a 252 σ.;  |c 24 εκ.  
504 |a Βιβλιογραφία: σ. [221]-239 
504 |a Ευρετήριο: σ. [240]-252 
650 0 0 |a Social responsibility of business. 
852 |a INST  |b LESVOS  |e 20071218  |h 658.408 HOP  |p 005100040814  |q 005100040814  |t BK  |y 0 
901 |a BIBL1-2007-3 
909 |a Λ  |b 142338 
922 |a 1ΕΛΗ  |b 200712  |c ΕΠΕΑΕΚ2/ΤΠ  |d ΕΛΕΥΘΕΡΟΥΔΑΚΗΣ 
970 |a ΧΑΤΖΗΜΙΧΑΗΛ  |b ΜΑΡΙΑ  |z 2007/12/18